000 00763nam a2200193Ia 4500
001 5037
003 GE_BSU
008 181216s||||||||xx |||||||||||||| ||und||
040 _cGE_BSU
080 _a621.76:338
245 _aМетодика расчета экономической эффективности новой техники в машиностроении.
245 _cНаучный руков. К.М.Великанов.
260 _aЛ.
260 _bМашиностроение.
260 _c1967.
300 _a491 стр. 27 см. библиогр.:стр.490-497.
653 _aМетодика расчета экономической эффективности новой техники в машиностроении.
942 _cBK
999 _c38724
_d38724